| 000 | 00702nam a22001937a 4500 | ||
|---|---|---|---|
| 005 | 20140610160437.0 | ||
| 010 | _aB-504759-766 | ||
| 020 |
_a9788190617390 _c499.00 |
||
| 035 | _aB-504759-766 | ||
| 037 |
_adpl _bK.K.Pub/Ven |
||
| 082 | _a954.0842 | ||
| 100 | _aMatthews, Roderick | ||
| 245 |
_aJinnah vs. Gandhi/ _cby Roderick Matthews |
||
| 260 |
_aGurgaon _bHachette Book Publishing India Pvt.Ltd. _c2012 |
||
| 270 |
_a4th & 5th Floors, Corporate Centre Plot No.94, Sector 44, _bGurgaon _e122003 India |
||
| 300 |
_a330p. _c21cm(Hb) |
||
| 942 |
_2ddc _cEN _h954.0842 _mMAT |
||
| 999 |
_c85004 _d85004 |
||